000 00908nam a2200205Ii 4500
003 JO-AjNU
008 230605s9999||||xx |||||||||||||| ||und||
040 _aJO-AjNU
_bara
_erda
_cJO-AjNU
041 _aara
050 1 4 _aLB3015.O6512 2006
100 3 _a/الراميني،فواز فتح الله مراجع لغوي/ أبو طه،موسى فايز مترجم/Orange,Carolyn مؤلف/,
_eauthor
_922786
245 0 0 _a Smart Strategies For Avoiding Classrom Mistakes =44إستراتيجية ذكية لتجنب إرتكاب الأخطاء في الصف الدراسي
250 _aط1
264 3 1 _aالعين:دار الكتاب الجامعي،2006
300 _a261ص
336 _atext
_btxt
_2rdacontent
337 _aunmediated
_bn
_2rdamedia
338 _avolume
_bnc
_2rdacarrier
650 4 _aالتعليم-إستراتيجيات-أخطاء صفية-حلول وإستراتيجيات
_922787
999 _aA8142
_c11710
_d11710